Romische rechtsgeschichte
保存先:
| 主要な著者: | , |
|---|---|
| フォーマット: | 図書 |
| 言語: | ドイツ語 |
| 出版事項: |
Múnich
C. H. Beck
2006
|
| 主題: | |
| タグ: |
タグ追加
タグなし, このレコードへの初めてのタグを付けませんか!
|
MARC
| LEADER | 00000nam a2200000 a 4500 | ||
|---|---|---|---|
| 001 | UCI2039 | ||
| 003 | CL-VaPUC | ||
| 008 | 070727e20060000GW |||||||||||||||||ger|d | ||
| 020 | |a 340633928X | ||
| 082 | 0 | 4 | |a 340.54 |b WIE |2 21 |
| 100 | 0 | |a Wieacker, Franz |e author |9 522870 | |
| 700 | 0 | |a Wolf, Joseph Georg |e author |9 522871 | |
| 245 | 1 | 0 | |a Romische rechtsgeschichte |
| 300 | |a v | ||
| 942 | |c BK | ||
| 945 | |d 20070727 00:00:00 |a jtorresc | ||
| 260 | |a Múnich |b C. H. Beck |c 2006 | ||
| 500 | |a v.2: Die jurisprudenz vom frühen prinzipat bis zum ausgang der antike im weströmischen reich und die oströmischen rechtswissenschaft bis zur justinianischen gesetzgebung | ||
| 650 | 0 | |a Derecho romano |9 255930 | |
| 583 | |a last modification |c 20070727 00:00:00 |k Rodrigo Vera | ||
| 999 | |c 326686 |d 326684 | ||
| 952 | |0 0 |1 0 |4 0 |6 340_540000000000000_WIE_2006 |7 0 |8 DER_ROM |9 408756 |a BIBDER |b BIBDER |d 2019-11-22 |h v.2 |i 4357981 |l 3 |m 1 |o 340.54 WIE 2006 |p 4357981 |r 2024-01-02 |s 2021-03-09 |w 2019-11-22 |x Ubicación 4to piso |y BK |z Este recurso debe solicitarse con anticipación |k DER | ||